000 00305nam a2200121Ia 4500
008 210430s9999 xx 000 0 und d
082 _a532W571 F
100 _aFrank M White
_910449
245 _aFluid Mechanics
_cFrank M White
260 _aIndia
_bGraw-Hill
_c2008
300 _a794p
942 _cBK
_2ddc
999 _c563954
_d563954